[Event "Stay Safe Play From Home 243"]
[Site "Emanuel Lasker Arena"]
[Date "2020.06.21"]
[Round "6"]
[White "Greblha"]
[Black "Dukic"]
[Result "0-1"]
[WhiteElo "1906"]
[BlackElo "1786"]
[Annotator "TA"]
[PlyCount "100"]
[EventDate "2020.06.21"]
[EventType "swiss (blitz)"]

{[%evp 9,99,50,64,52,48,57,78,48,97,36,138,-26,89,84,225,231,222,147,150,142,144,147,150,27,32,2,25,10,89,77,137,85,423,116,143,134,148,27,32,39,51,21,133,124,139,62,166,156,341,165,193,0,0,0,0,0,0,0,179,124,102,97,125,116,132,128,115,100,677,0,0,-29990,-29991,-29993,-29994,-29994,-29995,-29995,-29996,-29996,-29996,-29996,-29996,-29996,-29997,-29997,-29998,-29998,-29998,-29998,-29999,-29999]} 1. e4 c6 2. d4 d6 3. Bd3 Nd7 4. Ne2 e5 5. O-O Be7 6. c3 {B12: Caro-Kann: Advance Variation.} Ngf6 7. Ng3 g6 {[#]} 8. Bh6 $146 {White is better.} ({Predecessor:} 8. Be3 O-O 9. Nd2 Re8 10. h3 Bf8 11. f4 exd4 12. Bxd4 d5 13. e5 Nc5 14. Bxg6 hxg6 15. exf6 {1-0 (61) Sandner,W (2237)-Kranzl,P (2265) Austria 2004}) 8... Qb6 9. Qb3 (9. Nd2 $16) 9... Qc7 ({Black should try} 9... Ng4 $14 10. Bd2 Ngf6) 10. dxe5 $2 (10. Bc4 $16) 10... dxe5 (10... Nxe5 $11 {keeps the balance.} 11. Qc2 Nxd3 12. Qxd3 Ng4) 11. Bc4 $16 Nc5 (11... Rf8 $16) 12. Bxf7+ $18 Kd8 13. Rd1+ Bd6 14. Qc2 {aiming for Bg7.} Qxf7 15. Rxd6+ Kc7 16. Rd2 ({White must play} 16. Rd1 $1 $16) 16... Ng4 $1 $11 {[%cal Rg4h6]} 17. Be3 Nxe3 18. fxe3 Rf8 (18... Be6 $11) 19. b4 $16 Ne6 (19... Na6 $142) 20. Na3 ({Much less strong is} 20. Qd3 $6 Qe7 $11) (20. Qb2 $142) 20... b5 $2 {[%mdl 8192]} (20... h5 $16) 21. Rf1 $2 ({Not} 21. Qd3 Rd8 $14) (21. c4 $18 {is the precise move to win.}) 21... Qe7 22. Rxf8 Qxf8 23. Rf2 (23. Qb2 $1 $16) 23... Qe7 $11 24. Nb1 $36 {[%mdl 2048] White has the initiative.} a5 25. a3 axb4 (25... Nd8 $11) 26. cxb4 $16 Bd7 27. Qc1 ({White should play} 27. Qc3 $16) 27... Kb6 (27... Ng5 $14) 28. Rc2 $18 c5 $2 (28... Ng5 $16) 29. bxc5+ (29. Nc3 $142 Kb7 30. Nd5) 29... Nxc5 {[#]} 30. Qd2 $2 (30. Nc3 $1 $18 {[%cal Rc3d5] Black must now prevent Nd5+.} Be6 31. Nd5+ Bxd5 32. exd5) 30... Bc6 $11 31. Qb4 Ra4 32. Qb2 h5 33. Nc3 Ra5 $2 {[#]} (33... Rc4 $11 {and Black stays safe.}) 34. Nd5+ (34. Qb4 $1 $18 {Nf1 is the strong threat.} Qf8 35. Rd2) 34... Bxd5 $16 35. exd5 h4 36. Ne2 Nd3 37. Qc3 Rxa3 38. Qc6+ {[%mdl 64] Double Attack} Ka5 $2 {[%mdl 8192]} (38... Ka7 $16) 39. Qa8+ $2 (39. d6 $18 Qg5 40. h3 Qxe3+ 41. Kh2) 39... Kb4 $11 40. h3 $2 {[%mdl 8192]} (40. Qc6 $11) 40... Rxa8 {Black mates.} 41. e4 Ra1+ 42. Kh2 Qg5 43. Rb2+ Nxb2 44. d6 Nd3 45. d7 Ra2 46. d8=Q Qxd8 47. g4 Rxe2+ {[%mdl 64] Double Attack} 48. Kg1 Qc7 {[%cal Rc7c1]} 49. Kf1 Qc2 {[%csl Gd3][%cal Re2e1]} 50. Kg1 Qd1# {Accuracy: White = 31%, Black = 39%.} 0-1

[Event "Stay Safe Play From Home 243"]
[Site "Emanuel Lasker Arena"]
[Date "2020.06.21"]
[Round "6"]
[White "Haris kollari 13"]
[Black "Dave_H"]
[Result "1-0"]
[WhiteElo "1863"]
[BlackElo "1856"]
[Annotator "NA RC"]
[PlyCount "101"]
[EventDate "2020.06.21"]
[EventType "swiss (blitz)"]
[BlackTeam "SK Vellmar"]

{- Halt, David (2088)} 1. e4 {[%emt 0:00:01]} e5 {[%emt 0:00:03]} 2. Nf3 {[%emt 0:00:02]} Nc6 {[%emt 0:00:02]} 3. Bb5 {[%emt 0:00:01]} a6 {[%emt 0:00:02]} 4. Ba4 {[%emt 0:00:01]} Nf6 {[%emt 0:00:02]} 5. d3 {[%emt 0:00:01]} b5 {[%emt 0:00:03]} 6. Bb3 {[%emt 0:00:01]} Bc5 {[%emt 0:00:01]} 7. h3 {[%emt 0:00:01]} d6 {[%emt 0:00:03]} 8. Be3 {[%emt 0:00:01]} O-O {[%emt 0:00:18]} 9. Nc3 {[%emt 0:00:06]} Na5 {[%emt 0:00:05]} 10. Bg5 {[%emt 0:00:04]} c6 {[%emt 0:00:11]} 11. Ne2 {[%emt 0:00:04]} h6 {[%emt 0:00:04]} 12. Bh4 {[%emt 0:00:02]} Be6 {[%emt 0:00:15]} 13. Qd2 {[%emt 0:00:03]} Re8 {[%emt 0:00:28]} 14. Bxf6 {[%emt 0:00:05]} Nxb3 {[%emt 0:00:22]} 15. Bxd8 {[%emt 0:00:02]} Nxd2 {[%emt 0:00:03]} 16. Nxd2 {[%emt 0:00:07]} Raxd8 {[%emt 0:00:11]} 17. c3 {[%emt 0:00:02]} d5 {[%emt 0:00:07]} 18. b4 {[%emt 0:00:10]} Bb6 {[%emt 0:00:04]} 19. exd5 {[%emt 0:00:04]} cxd5 {[%emt 0:00:02]} 20. a4 {[%emt 0:00:02]} Bf5 {[%emt 0:00:14]} 21. axb5 {[%emt 0:00:02]} axb5 {[%emt 0:00:02]} 22. Ra6 {[%emt 0:00:02]} Rb8 {[%emt 0:00:02]} 23. Nc1 {[%emt 0:00:03]} Rec8 {[%emt 0:00:03]} 24. Nb1 {[%emt 0:00:02]} d4 {[%emt 0:00:06]} 25. Kd2 {[%emt 0:00:17]} dxc3+ {[%emt 0:00:05]} 26. Nxc3 {[%emt 0:00:01]} Bxf2 {[%emt 0:00:03]} 27. Rf1 {[%emt 0:00:10]} Bd4 {[%emt 0:00:02]} 28. N3e2 {[%emt 0:00:08]} Bg6 {[%emt 0:00:14]} 29. Nxd4 {[%emt 0:00:01]} exd4 {[%emt 0:00:02]} 30. Rf4 {[%emt 0:00:09]} Rc3 {[%emt 0:00:05]} 31. Rxd4 {[%emt 0:00:05]} Rbc8 {[%emt 0:00:02]} 32. Ne2 {[%emt 0:00:02]} Rc2+ {[%emt 0:00:04]} 33. Kd1 {[%emt 0:00:01]} Rb2 {[%emt 0:00:11]} 34. Rad6 {[%emt 0:00:03]} Kh7 {[%emt 0:00:04]} 35. Nf4 {[%emt 0:00:15]} Rcc2 {[%emt 0:00:08]} 36. R6d5 {[%emt 0:00:09]} Ra2 {[%emt 0:00:13]} 37. Rc5 {[%emt 0:00:09]} Rf2 {[%emt 0:00:04]} 38. Ke1 {[%emt 0:00:01]} Rfb2 {[%emt 0:00:14]} 39. Rc1 {[%emt 0:00:01]} Bf5 {[%emt 0:00:04]} 40. Rd5 {[%emt 0:00:12]} Be6 {[%emt 0:00:07]} 41. Rxb5 {[%emt 0:00:01]} Bxh3 {[%emt 0:00:04]} 42. Nxh3 {[%emt 0:00:12]} Rxg2 {[%emt 0:00:02]} 43. Kf1 {[%emt 0:00:03]} Rh2 {[%emt 0:00:04]} 44. Rh5 {[%emt 0:00:04]} Rh1+ {[%emt 0:00:05]} 45. Ng1 {[%emt 0:00:01]} Rxh5 {[%emt 0:00:01]} 46. b5 {[%emt 0:00:03]} Rf5+ {[%emt 0:00:00]} 47. Ke1 {[%emt 0:00:02]} Rff2 {[%emt 0:00:02]} 48. b6 {[%emt 0:00:09]} Rg2 {[%emt 0:00:00]} 49. Kf1 {[%emt 0:00:05]} Raf2+ {[%emt 0:00:01]} 50. Ke1 {[%emt 0:00:01]} Rxg1+ {[%emt 0:00:00]} 51. Kxf2 {[%emt 0:00:01] Zeit (Lag: Av=0.33s, max=0.7s) '} 1-0

[Event "Stay Safe Play From Home 243"]
[Site "Emanuel Lasker Arena"]
[Date "2020.06.21"]
[Round "6"]
[White "Bishop91"]
[Black "Timbre"]
[Result "0-1"]
[WhiteElo "1652"]
[BlackElo "1680"]
[Annotator "NA"]
[PlyCount "82"]
[EventDate "2020.06.21"]
[EventType "swiss (blitz)"]

1. e4 {[%emt 0:00:08]} c6 {[%emt 0:00:02]} 2. d4 {[%emt 0:00:04]} d5 {[%emt 0:00:01]} 3. e5 {[%emt 0:00:03]} Bf5 {[%emt 0:00:02]} 4. Nf3 {[%emt 0:00:04]} e6 {[%emt 0:00:02]} 5. c4 {[%emt 0:00:03]} Ne7 {[%emt 0:00:02]} 6. Nc3 {[%emt 0:00:04]} dxc4 {[%emt 0:00:02]} 7. Bxc4 {[%emt 0:00:03]} Nd5 {[%emt 0:00:01]} 8. O-O {[%emt 0:00:04]} Nxc3 {[%emt 0:00:02]} 9. bxc3 {[%emt 0:00:04]} Nd7 {[%emt 0:00:01]} 10. Bd3 {[%emt 0:00:04]} Bxd3 {[%emt 0:00:07]} 11. Qxd3 {[%emt 0:00:00]} Be7 {[%emt 0:00:02]} 12. a4 {[%emt 0:00:05]} Nf8 {[%emt 0:00:01]} 13. g3 {[%emt 0:00:04]} h6 {[%emt 0:00:02]} 14. a5 {[%emt 0:00:06]} a6 {[%emt 0:00:03]} 15. c4 {[%emt 0:00:05]} Ng6 {[%emt 0:00:03]} 16. h3 {[%emt 0:00:05]} Bb4 {[%emt 0:00:04]} 17. Qb3 {[%emt 0:00:08]} Bxa5 {[%emt 0:00:16]} 18. Qb6 {[%emt 0:00:04]} Bxb6 {[%emt 0:00:03]} 19. Be3 {[%emt 0:00:06]} O-O {[%emt 0:00:03]} 20. Rab1 {[%emt 0:00:05]} Rb8 {[%emt 0:00:03]} 21. Rfd1 {[%emt 0:00:04]} Ba7 {[%emt 0:00:03]} 22. h4 {[%emt 0:00:04]} Ne7 {[%emt 0:00:02]} 23. Kg2 {[%emt 0:00:06]} Nf5 {[%emt 0:00:02]} 24. Ra1 {[%emt 0:00:11]} Nxe3+ {[%emt 0:00:04]} 25. fxe3 {[%emt 0:00:01]} Qe7 {[%emt 0:00:05]} 26. c5 {[%emt 0:00:03]} f6 {[%emt 0:00:02]} 27. e4 {[%emt 0:00:08]} fxe5 {[%emt 0:00:01]} 28. Nxe5 {[%emt 0:00:03]} Qf6 {[%emt 0:00:11]} 29. Rf1 {[%emt 0:00:04]} Qe7 {[%emt 0:00:01]} 30. Ng6 {[%emt 0:00:08]} Qd7 {[%emt 0:00:08]} 31. Rfd1 {[%emt 0:00:09]} Rf6 {[%emt 0:00:04]} 32. Ne5 {[%emt 0:00:12]} Qe7 {[%emt 0:00:02]} 33. h5 {[%emt 0:00:15]} Rbf8 {[%emt 0:00:02]} 34. Ng4 {[%emt 0:00:13]} Rf3 {[%emt 0:00:08]} 35. Rf1 {[%emt 0:00:10]} Rxf1 {[%emt 0:00:02]} 36. Rxf1 {[%emt 0:00:04]} Rxf1 {[%emt 0:00:03]} 37. Kxf1 {[%emt 0:00:02]} a5 {[%emt 0:00:01]} 38. Ke2 {[%emt 0:00:06]} b6 {[%emt 0:00:02]} 39. Ne5 {[%emt 0:00:11]} bxc5 {[%emt 0:00:02]} 40. dxc5 {[%emt 0:00:03]} Qxc5 {[%emt 0:00:02]} 41. Ng4 {[%emt 0:00:10]} a4 {[%emt 0:00:04] Bishop91 resigns (Lag: Av=0.46s, max=0.9s)} 0-1

[Event "Stay Safe Play From Home 243"]
[Site "Emanuel Lasker Arena"]
[Date "2020.06.21"]
[Round "6"]
[White "Tunca"]
[Black "Josey wales"]
[Result "0-1"]
[WhiteElo "1651"]
[BlackElo "1861"]
[Annotator "NA"]
[PlyCount "90"]
[EventDate "2020.06.21"]
[EventType "swiss (blitz)"]

1. e4 {[%emt 0:00:09]} d6 {[%emt 0:00:02]} 2. d4 {[%emt 0:00:02]} g6 {[%emt 0:00:01]} 3. Nc3 {[%emt 0:00:02]} Bg7 {[%emt 0:00:00]} 4. f4 {[%emt 0:00:02]} c6 {[%emt 0:00:02]} 5. Nf3 {[%emt 0:00:01]} e6 {[%emt 0:00:02]} 6. Bd3 {[%emt 0:00:02]} Nd7 {[%emt 0:00:00]} 7. O-O {[%emt 0:00:01]} Qe7 {[%emt 0:00:01]} 8. Qe1 {[%emt 0:00:03]} f6 {[%emt 0:00:01]} 9. Kh1 {[%emt 0:00:01]} Nh6 {[%emt 0:00:02]} 10. Qh4 {[%emt 0:00:05]} O-O {[%emt 0:00:02]} 11. f5 {[%emt 0:00:05]} g5 {[%emt 0:00:04]} 12. Qg3 {[%emt 0:00:05]} e5 {[%emt 0:00:03]} 13. Be3 {[%emt 0:00:09]} exd4 {[%emt 0:00:05]} 14. Nxd4 {[%emt 0:00:01]} Ne5 {[%emt 0:00:01]} 15. Rae1 {[%emt 0:00:07]} Nxd3 {[%emt 0:00:05]} 16. cxd3 {[%emt 0:00:00]} Bd7 {[%emt 0:00:02]} 17. h4 {[%emt 0:00:08]} Nf7 {[%emt 0:00:01]} 18. hxg5 {[%emt 0:00:03]} fxg5 {[%emt 0:00:01]} 19. Nf3 {[%emt 0:00:58]} h6 {[%emt 0:00:01]} 20. Nh2 {[%emt 0:00:03]} Be5 {[%emt 0:00:02]} 21. Qh3 {[%emt 0:00:04]} Kg7 {[%emt 0:00:11]} 22. Ng4 {[%emt 0:00:01]} Rh8 {[%emt 0:00:01]} 23. Qh5 {[%emt 0:00:22]} Kf8 {[%emt 0:00:17]} 24. Rf3 {[%emt 0:00:44]} Be8 {[%emt 0:00:04]} 25. Qh3 {[%emt 0:00:24]} h5 {[%emt 0:00:05]} 26. f6 {[%emt 0:00:07]} Qd7 {[%emt 0:00:09]} 27. Nxe5 {[%emt 0:00:09]} Qxh3+ {[%emt 0:00:01]} 28. Rxh3 {[%emt 0:00:03]} dxe5 {[%emt 0:00:01]} 29. Bc5+ {[%emt 0:00:08]} Kg8 {[%emt 0:00:04]} 30. Rf1 {[%emt 0:00:03]} b6 {[%emt 0:00:01]} 31. Be7 {[%emt 0:00:03]} Bd7 {[%emt 0:00:08]} 32. Rg3 {[%emt 0:00:05]} h4 {[%emt 0:00:04]} 33. Re3 {[%emt 0:00:01]} Bg4 {[%emt 0:00:04]} 34. Nd1 {[%emt 0:00:02]} c5 {[%emt 0:00:04]} 35. Nf2 {[%emt 0:00:02]} Be6 {[%emt 0:00:05]} 36. Nd1 {[%emt 0:00:08]} Kh7 {[%emt 0:00:06]} 37. Nc3 {[%emt 0:00:02]} Kg6 {[%emt 0:00:04]} 38. b3 {[%emt 0:00:04]} h3 {[%emt 0:00:12]} 39. gxh3 {[%emt 0:00:01]} Rh4 {[%emt 0:00:02]} 40. Kh2 {[%emt 0:00:02]} Rah8 {[%emt 0:00:02]} 41. Rff3 {[%emt 0:00:02]} Rf4 {[%emt 0:00:02]} 42. Rxf4 {[%emt 0:00:01]} exf4 {[%emt 0:00:02]} 43. Rf3 {[%emt 0:00:01]} Ne5 {[%emt 0:00:03]} 44. Rf1 {[%emt 0:00:04]} Rxh3+ {[%emt 0:00:04]} 45. Kg2 {[%emt 0:00:02]} Rxd3 {[%emt 0:00:03] Tunca resigns (Lag: Av=0.33s, max=0.6s)} 0-1

[Event "Stay Safe Play From Home 243"]
[Site "Emanuel Lasker Arena"]
[Date "2020.06.21"]
[Round "6"]
[White "Galatasaray01"]
[Black "Klausen"]
[Result "0-1"]
[WhiteElo "1314"]
[BlackElo "1874"]
[Annotator "NA"]
[PlyCount "44"]
[EventDate "2020.06.21"]
[EventType "swiss (blitz)"]

1. e4 {[%emt 0:00:03]} e6 {[%emt 0:01:10]} 2. d4 {[%emt 0:00:05]} d5 {[%emt 0:00:02]} 3. e5 {[%emt 0:00:02]} c5 {[%emt 0:00:02]} 4. Nf3 {[%emt 0:00:02]} cxd4 {[%emt 0:00:03]} 5. Nxd4 {[%emt 0:00:03]} Nc6 {[%emt 0:00:02]} 6. Bb5 {[%emt 0:00:06]} Bd7 {[%emt 0:00:02]} 7. O-O {[%emt 0:00:03]} Nxe5 {[%emt 0:00:03]} 8. Bxd7+ {[%emt 0:00:08]} Qxd7 {[%emt 0:00:02]} 9. Nc3 {[%emt 0:00:03]} Nf6 {[%emt 0:00:04]} 10. Bg5 {[%emt 0:00:04]} Be7 {[%emt 0:00:03]} 11. Ncb5 {[%emt 0:00:03]} O-O {[%emt 0:00:07]} 12. f4 {[%emt 0:00:06]} Nc4 {[%emt 0:00:07]} 13. f5 {[%emt 0:00:06]} e5 {[%emt 0:00:09]} 14. b3 {[%emt 0:00:22]} Nb6 {[%emt 0:00:10]} 15. Nxa7 {[%emt 0:00:20]} Rxa7 {[%emt 0:00:10]} 16. Nf3 {[%emt 0:00:06]} Qc7 {[%emt 0:00:13]} 17. Re1 {[%emt 0:00:09]} Ne4 {[%emt 0:00:04]} 18. Bxe7 {[%emt 0:00:14]} Qxe7 {[%emt 0:00:02]} 19. Qd3 {[%emt 0:00:10]} Qc5+ {[%emt 0:00:05]} 20. Kh1 {[%emt 0:00:02]} Nf2+ {[%emt 0:00:02]} 21. Kg1 {[%emt 0:00:08]} Nxd3+ {[%emt 0:00:05]} 22. Kf1 {[%emt 0:00:01]} Qf2# {[%emt 0:00:02] (Lag: Av=0.88s, max=1.7s)} 0-1

[Event "Stay Safe Play From Home 243"]
[Site "Emanuel Lasker Arena"]
[Date "2020.06.21"]
[Round "6"]
[White "Skmishra"]
[Black "Tvtower68"]
[Result "0-1"]
[WhiteElo "1142"]
[BlackElo "1761"]
[Annotator "NA"]
[PlyCount "62"]
[EventDate "2020.06.21"]
[EventType "swiss (blitz)"]

1. e4 {[%emt 0:00:04]} Nf6 {[%emt 0:00:01]} 2. Nc3 {[%emt 0:00:05]} d6 {[%emt 0:00:01]} 3. d4 {[%emt 0:00:02]} Nc6 {[%emt 0:00:02]} 4. d5 {[%emt 0:00:08]} Ne5 {[%emt 0:00:01]} 5. f4 {[%emt 0:00:12]} Ng6 {[%emt 0:00:03]} 6. f5 {[%emt 0:00:07]} Ne5 {[%emt 0:00:01]} 7. Nf3 {[%emt 0:00:11]} Nxf3+ {[%emt 0:00:02]} 8. Qxf3 {[%emt 0:00:03]} c6 {[%emt 0:00:01]} 9. Bg5 {[%emt 0:00:10]} cxd5 {[%emt 0:00:03]} 10. Bxf6 {[%emt 0:00:03]} exf6 {[%emt 0:00:05]} 11. Nxd5 {[%emt 0:00:04]} Qa5+ {[%emt 0:00:10]} 12. c3 {[%emt 0:00:08]} Bd7 {[%emt 0:00:06]} 13. b4 {[%emt 0:00:06]} Qd8 {[%emt 0:00:02]} 14. Bc4 {[%emt 0:00:09]} Be7 {[%emt 0:00:02]} 15. O-O {[%emt 0:00:03]} a6 {[%emt 0:00:01]} 16. Qg3 {[%emt 0:00:11]} O-O {[%emt 0:00:04]} 17. Rf4 {[%emt 0:00:25]} Re8 {[%emt 0:00:05]} 18. Rh4 {[%emt 0:00:08]} Bf8 {[%emt 0:00:08]} 19. Rh3 {[%emt 0:00:14]} Rc8 {[%emt 0:00:05]} 20. Bd3 {[%emt 0:00:03]} Bc6 {[%emt 0:00:05]} 21. Qh4 {[%emt 0:00:07]} h6 {[%emt 0:00:05]} 22. Rg3 {[%emt 0:00:05]} Kh7 {[%emt 0:00:07]} 23. Rf1 {[%emt 0:00:32]} Re5 {[%emt 0:00:02]} 24. Nf4 {[%emt 0:00:31]} Bb5 {[%emt 0:00:14]} 25. Bb1 {[%emt 0:00:07]} Bxf1 {[%emt 0:00:04]} 26. Kxf1 {[%emt 0:00:20]} a5 {[%emt 0:00:10]} 27. b5 {[%emt 0:00:05]} Qb6 {[%emt 0:00:03]} 28. a4 {[%emt 0:00:07]} Qc5 {[%emt 0:00:11]} 29. Nd5 {[%emt 0:00:08]} Qa3 {[%emt 0:00:11]} 30. Nxf6+ {[%emt 0:00:15]} gxf6 {[%emt 0:00:02]} 31. Qxf6 {[%emt 0:00:03]} Qc1+ {[%emt 0:00:02] Time (Lag: Av=0.74s, max=1.1s)} 0-1

[Event "Stay Safe Play From Home 243"]
[Site "Emanuel Lasker Arena"]
[Date "2020.06.21"]
[Round "7"]
[White "Klausen"]
[Black "Greblha"]
[Result "1-0"]
[WhiteElo "1875"]
[BlackElo "1884"]
[Annotator "NA RC"]
[PlyCount "115"]
[EventDate "2020.06.21"]
[EventType "swiss (blitz)"]

1. Nf3 {[%emt 0:00:02]} c6 {[%emt 0:00:00]} 2. d4 {[%emt 0:00:02]} d5 {[%emt 0:00:00]} 3. g3 {[%emt 0:00:03]} Bf5 {[%emt 0:00:02]} 4. Bg2 {[%emt 0:00:02]} e6 {[%emt 0:00:01]} 5. O-O {[%emt 0:00:03]} Nf6 {[%emt 0:00:01]} 6. Nbd2 {[%emt 0:00:03]} h6 {[%emt 0:00:01]} 7. c4 {[%emt 0:00:02]} Nbd7 {[%emt 0:00:08]} 8. b3 {[%emt 0:00:02]} Bd6 {[%emt 0:00:03]} 9. Bb2 {[%emt 0:00:02]} O-O {[%emt 0:00:01]} 10. Rc1 {[%emt 0:00:03]} Ne4 {[%emt 0:00:02]} 11. Ne5 {[%emt 0:00:04]} Nxe5 {[%emt 0:00:04]} 12. dxe5 {[%emt 0:00:02]} Nxd2 {[%emt 0:00:01]} 13. Qxd2 {[%emt 0:00:04]} Be7 {[%emt 0:00:12]} 14. cxd5 {[%emt 0:00:04]} cxd5 {[%emt 0:00:04]} 15. Bd4 {[%emt 0:00:06]} Ba3 {[%emt 0:00:10]} 16. Bb2 {[%emt 0:00:10]} Be7 {[%emt 0:00:09]} 17. Rfd1 {[%emt 0:00:05]} Qd7 {[%emt 0:00:19]} 18. e4 {[%emt 0:00:08]} Bg4 {[%emt 0:00:09]} 19. f3 {[%emt 0:00:01]} Bh5 {[%emt 0:00:15]} 20. exd5 {[%emt 0:00:02]} exd5 {[%emt 0:00:03]} 21. Qxd5 {[%emt 0:00:02]} Qxd5 {[%emt 0:00:11]} 22. Rxd5 {[%emt 0:00:02]} Rfd8 {[%emt 0:00:02]} 23. f4 {[%emt 0:00:13]} b6 {[%emt 0:00:41]} 24. h3 {[%emt 0:00:23]} Rxd5 {[%emt 0:00:20]} 25. Bxd5 {[%emt 0:00:02]} Rd8 {[%emt 0:00:02]} 26. Be4 {[%emt 0:00:11]} Bc5+ {[%emt 0:00:03]} 27. Kh1 {[%emt 0:00:16]} Be2 {[%emt 0:00:19]} 28. Bc3 {[%emt 0:00:22]} a5 {[%emt 0:00:05]} 29. Kg2 {[%emt 0:00:06]} Bb5 {[%emt 0:00:09]} 30. Kf3 {[%emt 0:00:15]} Ba3 {[%emt 0:00:01]} 31. Rc2 {[%emt 0:00:07]} Rc8 {[%emt 0:00:08]} 32. Bd4 {[%emt 0:00:06]} Rxc2 {[%emt 0:00:21]} 33. Bxc2 {[%emt 0:00:02]} Bc5 {[%emt 0:00:01]} 34. Bxc5 {[%emt 0:00:03]} bxc5 {[%emt 0:00:01]} 35. Ke3 {[%emt 0:00:07]} Kf8 {[%emt 0:00:03]} 36. Bd3 {[%emt 0:00:05]} Bc6 {[%emt 0:00:02]} 37. Bc4 {[%emt 0:00:02]} Ke7 {[%emt 0:00:02]} 38. f5 {[%emt 0:00:03]} Bg2 {[%emt 0:00:03]} 39. h4 {[%emt 0:00:01]} Bh3 {[%emt 0:00:01]} 40. Kf4 {[%emt 0:00:01]} Bg2 {[%emt 0:00:08]} 41. g4 {[%emt 0:00:02]} Bc6 {[%emt 0:00:01]} 42. g5 {[%emt 0:00:01]} hxg5+ {[%emt 0:00:02]} 43. hxg5 {[%emt 0:00:01]} a4 {[%emt 0:00:00]} 44. f6+ {[%emt 0:00:05]} gxf6 {[%emt 0:00:01]} 45. gxf6+ {[%emt 0:00:11]} Ke8 {[%emt 0:00:01]} 46. e6 {[%emt 0:00:09]} fxe6 {[%emt 0:00:02]} 47. Bxe6 {[%emt 0:00:01]} Kf8 {[%emt 0:00:03]} 48. Ke5 {[%emt 0:00:03]} axb3 {[%emt 0:00:04]} 49. axb3 {[%emt 0:00:02]} Ke8 {[%emt 0:00:03]} 50. Kd6 {[%emt 0:00:01]} Bf3 {[%emt 0:00:03]} 51. Kxc5 {[%emt 0:00:01]} Kd8 {[%emt 0:00:01]} 52. b4 {[%emt 0:00:03]} Bb7 {[%emt 0:00:02]} 53. b5 {[%emt 0:00:04]} Be4 {[%emt 0:00:00]} 54. Kb6 {[%emt 0:00:02]} Bf3 {[%emt 0:00:01]} 55. Ka7 {[%emt 0:00:02]} Bh5 {[%emt 0:00:02]} 56. b6 {[%emt 0:00:02]} Ke8 {[%emt 0:00:01]} 57. b7 {[%emt 0:00:02]} Bf7 {[%emt 0:00:01]} 58. b8=Q# {[%emt 0:00:02] (Lag: Av=0.32s, max=1.7s)} 1-0

[Event "Stay Safe Play From Home 243"]
[Site "Emanuel Lasker Arena"]
[Date "2020.06.21"]
[Round "7"]
[White "Josey wales"]
[Black "Dave_H"]
[Result "0-1"]
[WhiteElo "1869"]
[BlackElo "1840"]
[Annotator "NA RC"]
[PlyCount "74"]
[EventDate "2020.06.21"]
[EventType "swiss (blitz)"]
[BlackTeam "SK Vellmar"]

{- Halt, David (2088)} 1. e4 {[%emt 0:00:04]} e5 {[%emt 0:00:03]} 2. Nc3 {[%emt 0:00:00]} Nf6 {[%emt 0:00:04]} 3. Bc4 {[%emt 0:00:01]} Nc6 {[%emt 0:00:03]} 4. Nf3 {[%emt 0:00:01]} Nxe4 {[%emt 0:00:03]} 5. d3 {[%emt 0:00:30]} Nxc3 {[%emt 0:00:05]} 6. bxc3 {[%emt 0:00:01]} a6 {[%emt 0:00:13]} 7. Ng5 {[%emt 0:00:01]} d5 {[%emt 0:00:02]} 8. Bb3 {[%emt 0:00:08]} Be7 {[%emt 0:00:02]} 9. Nf3 {[%emt 0:00:08]} O-O {[%emt 0:00:07]} 10. O-O {[%emt 0:00:03]} Bg4 {[%emt 0:00:06]} 11. h3 {[%emt 0:00:05]} Bh5 {[%emt 0:00:02]} 12. g4 {[%emt 0:00:01]} Bg6 {[%emt 0:00:01]} 13. Re1 {[%emt 0:00:10]} f6 {[%emt 0:00:09]} 14. a3 {[%emt 0:00:01]} Kh8 {[%emt 0:00:04]} 15. Nh4 {[%emt 0:00:01]} Bf7 {[%emt 0:00:06]} 16. Nf5 {[%emt 0:00:01]} Bc5 {[%emt 0:00:05]} 17. d4 {[%emt 0:00:09]} Bb6 {[%emt 0:00:06]} 18. Be3 {[%emt 0:00:04]} Re8 {[%emt 0:00:13]} 19. dxe5 {[%emt 0:00:10]} fxe5 {[%emt 0:00:03]} 20. Bxb6 {[%emt 0:00:02]} cxb6 {[%emt 0:00:02]} 21. Qf3 {[%emt 0:00:03]} e4 {[%emt 0:00:05]} 22. Qf4 {[%emt 0:00:05]} Ne5 {[%emt 0:00:03]} 23. Re3 {[%emt 0:00:14]} Nf3+ {[%emt 0:00:05]} 24. Kg2 {[%emt 0:00:06]} Be6 {[%emt 0:00:16]} 25. Nd6 {[%emt 0:00:12]} Rf8 {[%emt 0:00:08]} 26. Qg3 {[%emt 0:00:03]} Nh4+ {[%emt 0:00:12]} 27. Kf1 {[%emt 0:00:09]} Rf3 {[%emt 0:00:14]} 28. Rxf3 {[%emt 0:00:12]} Nxf3 {[%emt 0:00:00]} 29. Rd1 {[%emt 0:00:03]} Qf6 {[%emt 0:00:05]} 30. c4 {[%emt 0:00:14]} e3 {[%emt 0:00:39]} 31. cxd5 {[%emt 0:00:11]} Nd2+ {[%emt 0:00:14]} 32. Ke2 {[%emt 0:00:20]} Bd7 {[%emt 0:00:13]} 33. fxe3 {[%emt 0:00:18]} Nxb3 {[%emt 0:00:12]} 34. cxb3 {[%emt 0:00:00]} Rf8 {[%emt 0:00:14]} 35. Ne4 {[%emt 0:00:24]} Bb5+ {[%emt 0:00:03]} 36. Kd2 {[%emt 0:00:05]} Qb2+ {[%emt 0:00:04]} 37. Ke1 {[%emt 0:00:06]} Qe2# {[%emt 0:00:01] (Lag: Av=0.32s, max=1.0s)} 0-1

[Event "Stay Safe Play From Home 243"]
[Site "Emanuel Lasker Arena"]
[Date "2020.06.21"]
[Round "7"]
[White "Dukic"]
[Black "Don59as"]
[Result "0-1"]
[WhiteElo "1808"]
[BlackElo "2077"]
[Annotator "NA RC"]
[PlyCount "68"]
[EventDate "2020.06.21"]
[EventType "swiss (blitz)"]

1. c4 {[%emt 0:00:03]} e5 {[%emt 0:00:01]} 2. Nc3 {[%emt 0:00:01]} d6 {[%emt 0:00:01]} 3. Nf3 {[%emt 0:00:01]} g6 {[%emt 0:00:00]} 4. d4 {[%emt 0:00:01]} exd4 {[%emt 0:00:01]} 5. Nxd4 {[%emt 0:00:01]} Bg7 {[%emt 0:00:01]} 6. g3 {[%emt 0:00:00]} Ne7 {[%emt 0:00:01]} 7. Bg2 {[%emt 0:00:01]} Nbc6 {[%emt 0:00:01]} 8. Be3 {[%emt 0:00:06]} O-O {[%emt 0:00:02]} 9. O-O {[%emt 0:00:01]} Bd7 {[%emt 0:00:01]} 10. Qd2 {[%emt 0:00:03]} Re8 {[%emt 0:00:04]} 11. Rad1 {[%emt 0:00:03]} Nf5 {[%emt 0:00:02]} 12. Nxf5 {[%emt 0:00:03]} Bxf5 {[%emt 0:00:01]} 13. Nd5 {[%emt 0:00:06]} Be4 {[%emt 0:00:19]} 14. Bxe4 {[%emt 0:00:16]} Rxe4 {[%emt 0:00:02]} 15. b3 {[%emt 0:00:07]} f6 {[%emt 0:00:11]} 16. f3 {[%emt 0:00:13]} Re8 {[%emt 0:00:04]} 17. Bf2 {[%emt 0:00:04]} Ne5 {[%emt 0:00:07]} 18. Kg2 {[%emt 0:00:03]} Qd7 {[%emt 0:00:04]} 19. Nc3 {[%emt 0:00:14]} Kh8 {[%emt 0:00:17]} 20. c5 {[%emt 0:00:02]} Bf8 {[%emt 0:00:05]} 21. Ne4 {[%emt 0:00:05]} Qe6 {[%emt 0:00:13]} 22. cxd6 {[%emt 0:00:03]} cxd6 {[%emt 0:00:02]} 23. Qd5 {[%emt 0:00:08]} Nc6 {[%emt 0:00:11]} 24. Qxe6 {[%emt 0:00:20]} Rxe6 {[%emt 0:00:02]} 25. Rd2 {[%emt 0:00:03]} Rae8 {[%emt 0:00:10]} 26. e3 {[%emt 0:00:10]} Kg7 {[%emt 0:00:12]} 27. Rfd1 {[%emt 0:00:02]} Ne5 {[%emt 0:00:13]} 28. Nxd6 {[%emt 0:00:06]} R8e7 {[%emt 0:00:10]} 29. Ne4 {[%emt 0:00:05]} Nxf3 {[%emt 0:00:04]} 30. Kxf3 {[%emt 0:00:13]} Rxe4 {[%emt 0:00:01]} 31. Rd8 {[%emt 0:00:12]} Kf7 {[%emt 0:00:11]} 32. R1d4 {[%emt 0:00:11]} R4e6 {[%emt 0:00:04] Don59as offers a draw} 33. Re4 {[%emt 0:00:07]} Rxe4 {[%emt 0:00:04]} 34. Rxf8+ {[%emt 0:00:07]} Kxf8 {[%emt 0:00:20] Dukic gibt auf (Lag: Av=0.54s, max=1.2s)} 0-1